|
|
|
|
| LEADER |
00000nmm a2200000 a 4500 |
| 001 |
vtls001455952 |
| 003 |
SK-MaSNL |
| 005 |
20260427110355.0 |
| 008 |
130607s2002 xo va 0 slo |
| 015 |
|
|
|a SNBS2003/03-01608
|
| 020 |
|
|
|a 8096848097
|
| 035 |
|
|
|a SNK000411259
|
| 040 |
|
|
|a SNK
|b slo
|c SNK
|e AACR2
|
| 041 |
0 |
|
|a slo
|
| 044 |
|
|
|a xo
|c SK
|
| 072 |
|
7 |
|a 556
|2 konspekt
|
| 080 |
|
|
|a 556
|2 1981
|
| 080 |
|
|
|a (0.034.4)
|2 1981
|
| 080 |
|
|
|a 556.1:550.424:577.337(0.034)=162.4=111
|2 2. slo
|
| 080 |
|
|
|a 550.424
|2 2. slo
|
| 080 |
|
|
|a 577.337
|2 2. slo
|
| 111 |
2 |
|
|a Transport vody, chemikálií a energie v systéme pôda - rastlina - atmosféra
|n (10. :
|d 2002 :
|c Bratislava, Slovensko)
|4 aut
|9 36440
|
| 245 |
1 |
|
|a Transport vody, chemikálií a energie v systéme pôda - rastlina - atmosféra
|h elektronický zdroj
|b 10. posterový deň s medzinárodnou účasťou, Bratislava, 28.11.2002 : 10th International Poster Day
|
| 246 |
1 |
0 |
|a Transport of Water, Chemicals and Energy in the System Soil - Crop Canopy - Atmosphere
|
| 246 |
1 |
1 |
|a Transport of Water, Chemicals and Energy in the System Soil - Crop Canopy - Atmosphere
|
| 256 |
|
|
|a Počítačové dáta
|
| 260 |
|
|
|a Bratislava
|b Slovenská akadémia vied
|c 2002
|
| 300 |
|
|
|a 1 elektronický optický disk (CD-ROM)
|
| 500 |
|
|
|a Súbežný názov a text angl.
|
| 500 |
|
|
|a Editori: Taťjana Hurtalová, Tomáš Orfánus
|
| 500 |
|
|
|a Elektronické dokumenty
|
| 611 |
1 |
7 |
|a Transport vody, chemikálií a energie v systéme pôda - rastlina - atmosféra
|c Bratislava, Slovensko
|d 2002
|x elektronické dokumenty
|2 SNKKA
|9 465686
|
| 650 |
0 |
7 |
|a hydrológia
|2 SNKPH
|9 853
|
| 655 |
|
7 |
|a elektronické dokumenty
|2 SNKPH
|9 70518
|
| 700 |
1 |
|
|a Hurtalová, Tatiana,
|d 1948-
|4 skl
|9 38802
|
| 700 |
1 |
|
|a Orfánus, Tomáš
|4 skl
|9 23010
|
| 919 |
|
|
|a 80-968480-9-7
|
| 999 |
|
|
|c 729598
|d 731528
|
| 952 |
|
|
|t P60, <03>, [DIGIT], {603}
|a SNK
|b SNK
|y PREZ
|7 0
|p 17A0387761
|o snkSCDM 317
|i snkJK 326/2003
|0 0
|1 0
|4 0
|d 2003-07-02
|l 0
|r 2005-01-02 00:00:00
|w 2026-02-23
|